| 000 | 01271cam a22003377a 4500 | ||
|---|---|---|---|
| 999 |
_c13727 _d13727 |
||
| 003 | EG-ScBUE | ||
| 005 | 20191215140249.0 | ||
| 008 | 100317s2005 enka f b 001 0 eng d | ||
| 020 | _a0521544890 | ||
| 020 | _a9780521544894 | ||
| 040 |
_aEG-ScBUE _beng _erda _cEG-ScBUE _dEG-ScBUE |
||
| 082 | 0 | 4 |
_a808.042 _bSMO _222 |
| 100 | 1 |
_aSmoke, Trudy, _eauthor. _912873 |
|
| 130 | 0 |
_aTrudy Smoke _leng |
|
| 245 | 1 | 2 |
_aA writer’s workbook : _ba writing text with readings / _cTrudy Smoke. |
| 250 | _aFourth edition. | ||
| 264 | 1 |
_aCambridge, UK : _bCambridge University Press, _c2005. |
|
| 300 |
_axx, 249 pages : _billustrations ; _c26 cm. |
||
| 336 |
_2rdacontent _atext _btxt |
||
| 337 |
_2rdamedia _aunmediated _bn |
||
| 338 |
_2rdacarrier _avolume _bnc |
||
| 490 | 0 | _aCambridge academic writing | |
| 504 | _aIncludes bibliographical references and index. | ||
| 520 | _aThis is a comprehensive academic writing skills book that includes authentic readings and a study of grammar. | ||
| 590 | _aMarwa Ashraf | ||
| 650 | 7 |
_aEnglish language _vTextbooks for foreign speakers. _2BUEsh _912874 |
|
| 650 | 7 |
_aEnglish language _xRhetoric _vProblems, exercises, etc. _2BUEsh _912875 |
|
| 653 |
_bHHUUEENN _cAugust2018 _cJuly2019 |
||
| 655 | _vReading book | ||
| 942 |
_2ddc _cBB |
||